Необходимость разработки новых механизмов информационного общества в связи с появлением концепции "электронного правительства"; Теория и практика общественного развития; № 22

Bibliografiska uppgifter
Parent link:Теория и практика общественного развития: международный научный журнал
№ 22.— 2015.— [3 с.]
Huvudupphovsman: Хаперская А. В. Алена Васильевна
Institutionell upphovsman: Национальный исследовательский Томский политехнический университет (ТПУ) Институт социально-гуманитарных технологий (ИСГТ) Кафедра менеджмента (МЕН)
Övriga upphovsmän: Феденкова А. С. Анна Сергеевна
Sammanfattning:Заглавие с экрана
Данная статья посвящена постановке основных проблем, не дающих развиваться системе "электронного правительства". Обусловлена необходимость разработки новых механизмов информационного общества для стремительного формирования в России электронной демократии. Как показала практика, существующих способов недостаточно для эффективного внедрения и интеграции информационных технологий, учитывая административные преобразования в нашей стране.
The article considers the principle problems hindering the development of the electronic government system. The author justifies the need to develop the new mechanisms of information society for the rapid development of e-democracy in Russia. Experience has shown that the existing mechanisms are insufficient for the effective implementation and integration of the information technologies, taking into account the administrative changes that occur in the country.
Språk:ryska
Publicerad: 2015
Serie:Экономические науки
Ämnen:
Länkar:http://teoria-practica.ru/rus/files/arhiv_zhurnala/2015/22/economics/khaperskaya-fedenkova.pdf
Materialtyp: Elektronisk Bokavsnitt
KOHA link:https://koha.lib.tpu.ru/cgi-bin/koha/opac-detail.pl?biblionumber=645690

MARC

LEADER 00000nla0a2200000 4500
001 645690
005 20250327135230.0
035 |a (RuTPU)RU\TPU\network\10781 
035 |a RU\TPU\network\10293 
090 |a 645690 
100 |a 20160118d2015 k||y0rusy50 ca 
101 0 |a rus 
102 |a RU 
135 |a drcn ---uucaa 
181 0 |a i  
182 0 |a b 
200 1 |a Необходимость разработки новых механизмов информационного общества в связи с появлением концепции "электронного правительства"  |d The need for development of new mechanisms of the information society due to the appearance of the electronic government concept  |f А. В. Хаперская, А. С. Феденкова 
203 |a Текст  |c электронный 
225 1 |a Экономические науки 
300 |a Заглавие с экрана 
320 |a [Библиогр.: 4 назв.] 
330 |a Данная статья посвящена постановке основных проблем, не дающих развиваться системе "электронного правительства". Обусловлена необходимость разработки новых механизмов информационного общества для стремительного формирования в России электронной демократии. Как показала практика, существующих способов недостаточно для эффективного внедрения и интеграции информационных технологий, учитывая административные преобразования в нашей стране. 
330 |a The article considers the principle problems hindering the development of the electronic government system. The author justifies the need to develop the new mechanisms of information society for the rapid development of e-democracy in Russia. Experience has shown that the existing mechanisms are insufficient for the effective implementation and integration of the information technologies, taking into account the administrative changes that occur in the country. 
461 |t Теория и практика общественного развития  |o международный научный журнал 
463 |t № 22  |v [3 с.]  |d 2015 
510 1 |a The need for development of new mechanisms of the information society due to the appearance of the electronic government concept  |z eng 
610 1 |a труды учёных ТПУ 
610 1 |a электронный ресурс 
610 1 |a электронное правительство 
610 1 |a информационно-коммуникативные технологии 
610 1 |a информационное общество 
610 1 |a публичная политика 
610 1 |a правовая база 
700 1 |a Хаперская  |b А. В.  |c экономист  |c доцент Томского политехнического университета, кандидат педагогических наук  |f 1986-  |g Алена Васильевна  |3 (RuTPU)RU\TPU\pers\32041  |9 16088 
701 1 |a Феденкова  |b А. С.  |c экономист  |c старший преподаватель Томского политехнического университета  |f 1984-  |g Анна Сергеевна  |3 (RuTPU)RU\TPU\pers\30870  |9 15116 
712 0 2 |a Национальный исследовательский Томский политехнический университет (ТПУ)  |b Институт социально-гуманитарных технологий (ИСГТ)  |b Кафедра менеджмента (МЕН)  |3 (RuTPU)RU\TPU\col\18855 
801 2 |a RU  |b 63413507  |c 20160229  |g RCR 
856 4 |u http://teoria-practica.ru/rus/files/arhiv_zhurnala/2015/22/economics/khaperskaya-fedenkova.pdf 
942 |c CF